000 01356naa a22003497a 4500
001 BR8500716
003 BR-BrBNA
005 20240918175510.0
007 ta
008 230509b bl.||||| |||| 00| 0 por d
040 _aBR-BrBNA
_bpor
_cBiblioteca Nacional de Agricultura
041 _a(Pt)
072 _aF25
_b3860
_bG514
090 _aF25 BR8500716
100 1 _aSantos, H.F. dos
111 1 _aSimposio sobre Fertilizantes Organicos
_cSao Paulo, SP (Brazil)
_d9-10 May 1984
245 1 _aUso do lodo de estacoes de tratamento de esgotos em solos agricolas [adubo organico, Sao Paulo, Brasil]
246 1 _a[Use of the sewage sludge from sewerage treatment stations in agricultural soils [manure, Sao Paulo, Brazil]]
246 1 _a[Proceedings of the Symposium in Organic Fertilizers]
260 3 _aSao Paulo, SP (Brasil):
_c1984.
500 _aAnais do Simposio sobre Fertilizantes Organicos Sao Paulo, SP (Brasil): 1984. p. 69-93 (BR8500716-AM)F25
650 _aLODO RESIDUAL
650 _aADUBO ORGANICO
650 _aCOMPOSICAO QUIMICA
650 _aNUTRIENTE
650 _aPROPRIEDADE FISICA
650 _aTRATAMENTO
650 _aSAO PAULO
773 0 _tAnais do Simposio sobre Fertilizantes Organicos
_wF25 BR8500716
_gSao Paulo, SP (Brasil), 1984. p. 69-93
909 _a202404
_bLucia
_c55
_dLucia Elande
942 _cAM
_2AGRIS
999 _c317018
_d317018